MARC details
| 000 -LEADER |
| fixed length control field |
02849cam a2200349 i 4500 |
| 001 - CONTROL NUMBER |
| control field |
20698405 |
| 003 - CONTROL NUMBER IDENTIFIER |
| control field |
OSt |
| 005 - DATE AND TIME OF LATEST TRANSACTION |
| control field |
20250905082045.0 |
| 008 - FIXED-LENGTH DATA ELEMENTS--GENERAL INFORMATION |
| fixed length control field |
181009s2012 enka b 000 0 eng d |
| 020 ## - INTERNATIONAL STANDARD BOOK NUMBER |
| International Standard Book Number |
9781789661699 |
| 040 ## - CATALOGING SOURCE |
| Original cataloging agency |
SEKU |
| 050 00 - LIBRARY OF CONGRESS CALL NUMBER |
| Classification number |
HE 571 |
| Item number |
.S6 |
| 100 ## - MAIN ENTRY--PERSONAL NAME |
| Personal name |
Song, Dong-wook |
| 245 00 - TITLE STATEMENT |
| Title |
Maritime logistics : |
| Remainder of title |
An guide to contemporary shipping and port management/ |
| Statement of responsibility, etc. |
Photis M. Panayides. |
| 250 ## - EDITION STATEMENT |
| Edition statement |
Third Edition |
| 260 ## - PUBLICATION, DISTRIBUTION, ETC. (IMPRINT) |
| Place of publication, distribution, etc. |
United Kingdom : |
| Name of publisher, distributor, etc. |
Emerald, |
| Date of publication, distribution, etc. |
2022. |
| 300 ## - PHYSICAL DESCRIPTION |
| Extent |
502p.;, |
| 504 ## - BIBLIOGRAPHY, ETC. NOTE |
| Bibliography, etc |
Includes bibliographical references. |
| 505 0# - FORMATTED CONTENTS NOTE |
| Formatted contents note |
1. Introduction / Dong-Wook Song, Photis M. Panayides -- Part I: Management, operations and strategic issues -- 2. Container liner shipping, port development and competition / Adolf K.Y. Ng -- 3. Container flows and empty container repositioning / Ada Suk Fung Ng -- 4. Port congestion and implications to maritime logistics / Hilde Meersman, Eddy Van de Voorde, Thierry Vanelslander -- 5. Port choice model of transhipment cargo using system dynamics / Nam-Kyu Park, Daniel S.H. Moon, Chae-Kwan Lim -- 6. Maritime logistics and supply chain security / Hokey Min -- 7. Risk management in maritime logistics and supply chains / Jasmine Siu Lee Lam -- 8. Information technology in maritime logistics management: a case-based approach / Bjørn E. Asbjørnslett, Haakon Lindstad, Jan Tore Pedersen -- 9. Port value chains and the role of interdependencies / Thomas K. Vitsounis, Athanasios A. Pallis -- 10. Overview and gaps in container terminal industry studies / Ioannis N. Lagoudis -- Part II: Green and sustainability issues -- 11. Corporate social responsibility in maritime logistics / Thomas Pawlik, Philine Gaffron, Patric A. Drewes -- 12. Green maritime logistics and sustainability / Haakon Lindstad, Bjørn E. Asbjørnslett, Jan Tore Pedersen -- 13. Maritime logistics in EU green ports and short sea shipping / Alexandros M. Goulielmos, Venus Y.H. Lun, Kee-Hung Lai -- 14. Assessing the environmental impact of maritime operations in ports: a systems approach / John Dinwoodie, Sarah Tuck, Harriet Knowles -- 15. Concluding remarks / Photis M. Panayides, Dong-Wook Song. |
| 520 8# - SUMMARY, ETC. |
| Summary, etc. |
Adopting the innovative approach of dealing with the overlap between shipping, ports and logistics, this book covers current issues which are having a significant impact on the shipping industry. |
| 650 #0 - SUBJECT ADDED ENTRY--TOPICAL TERM |
| Topical term or geographic name as entry element |
Shipping |
| General subdivision |
Management. |
| 650 #0 - SUBJECT ADDED ENTRY--TOPICAL TERM |
| Topical term or geographic name as entry element |
Harbors |
| General subdivision |
Management. |
| 650 #0 - SUBJECT ADDED ENTRY--TOPICAL TERM |
| Topical term or geographic name as entry element |
Business logistics. |
| 650 #0 - SUBJECT ADDED ENTRY--TOPICAL TERM |
| Topical term or geographic name as entry element |
Globalization. |
| 650 #7 - SUBJECT ADDED ENTRY--TOPICAL TERM |
| Topical term or geographic name as entry element |
Business logistics. |
| Source of heading or term |
fast |
| Authority record control number |
(OCoLC)fst00842759 |
| 650 #7 - SUBJECT ADDED ENTRY--TOPICAL TERM |
| Topical term or geographic name as entry element |
Globalization. |
| Source of heading or term |
fast |
| Authority record control number |
(OCoLC)fst00943532 |
| 650 #7 - SUBJECT ADDED ENTRY--TOPICAL TERM |
| Topical term or geographic name as entry element |
Harbors |
| General subdivision |
Management. |
| Source of heading or term |
fast |
| Authority record control number |
(OCoLC)fst00951283 |
| 650 #7 - SUBJECT ADDED ENTRY--TOPICAL TERM |
| Topical term or geographic name as entry element |
Shipping |
| General subdivision |
Management. |
| Source of heading or term |
fast |
| Authority record control number |
(OCoLC)fst01116395 |
| 700 1# - ADDED ENTRY--PERSONAL NAME |
| Personal name |
Song, Dong-Wook. |
| 700 1# - ADDED ENTRY--PERSONAL NAME |
| Personal name |
Panayides, Photis M. |
| 942 ## - ADDED ENTRY ELEMENTS (KOHA) |
| Source of classification or shelving scheme |
Library of Congress Classification |
| Koha item type |
General circulation |